Measure theory

Saved in:
Bibliographic Details
Main Author: Kölzow, Dietrich (Author)
Format: Book
Language:English
Published: Berlín Springer-Verlag 1980
Series:Lecture Notes in Mathematics, 794
Subjects:
Tags: Add Tag
No Tags, Be the first to tag this record!

MARC

LEADER 00000nam a2200000 a 4500
001 UCP0299
003 CL-VaPUC
005 20231128150153.0
008 990305e19800000gw 1 eng d
082 0 4 |a 515.42  |b KOL  |2 21 
100 1 |a Kölzow, Dietrich  |e author  |9 619341 
245 1 0 |a Measure theory 
260 |a Berlín  |b Springer-Verlag  |c 1980 
300 |a 573 p 
490 0 |a Lecture Notes in Mathematics, 794 
583 |a last modification  |c 19990305 00:00:00  |k Rodrigo Vera 
650 0 0 |a Teoría de la medida  |9 260231 
650 0 0 |a Análisis estocástico  |9 270280 
650 0 7 |a REPRESENTACION INTEGRAL  |2 CL-VaPUC  |9 424948 
650 0 0 |a Congresos  |9 257560 
942 |c BK 
945 |a crobeson  |d 19990305 00:00:00 
546 |a En Inglés 
518 |p Conference on Measure Theory, Oberwolfach, 1 al 7 de julio de 1979 
999 |c 383353  |d 383351 
952 |0 0  |1 0  |4 0  |6 515_420000000000000_KOL_1980  |7 0  |8 A  |9 505447  |a BIBMAT  |b BIBMAT  |d 2020-01-23  |i 1323687  |o 515.42 KOL 1980  |p 1323687  |r 2025-01-07  |w 2020-01-23  |y BK  |k MAT